000 00402nam a2200181Ia 4500
001 3321
005 20260306145635.0
008 260306t1993||||xx |||||||||||||| ||spa||
041 _aESP
082 _a269.46
_bP669
100 _aPoveda, Pedro
_eAUT
245 0 _aPedro Poveda
260 _c1993
300 _a149 páginas :
_c25 cm.
650 _aGEN
654 _aCHU
942 _cLIB
_dJUS
_fJUS
_2ddc
_n
999 _c3321
_d3321